| 000 | 00414cam a2200169ua 4500 | ||
|---|---|---|---|
| 020 | _c3.50 | ||
| 041 |
_amal _h |
||
| 082 |
_a894.812308 _bRAH/CH |
||
| 100 | _aRahul, Samkrithyayan . | ||
| 245 |
_aChekuthante Kannu / _cRahul Samkrithyayan. _hTextual Documents |
||
| 260 |
_aCalicut : _bP.K Brothers , _c1958. |
||
| 300 | _a290 ; . | ||
| 365 | _a3.50 | ||
| 504 | _a | ||
| 942 | _cBK | ||
| 999 |
_c4885 _d4885 |
||